000 00303nam a2200109 4500
999 _c10050
_d10050
008 180730b ||||| |||| 00| 0 eng d
245 _aViolence, confusion mar polls in Mindanao.
260 _aPhilippines
_bManila Bulletin
_cc2016
300 _apage B12.
650 0 _929702
_aViolence.
942 _2ddc
_cPER